Rare Documents / (Record no. 22483)

MARC details
000 -LEADER
fixed length control field 00457nam a22001697a 4500
003 - CONTROL NUMBER IDENTIFIER
control field BDDh-ASL
005 - DATE AND TIME OF LATEST TRANSACTION
control field 20231015030134.0
008 - FIXED-LENGTH DATA ELEMENTS--GENERAL INFORMATION
fixed length control field 210228s1967 pk ||||| |||| 00| 0 eng d
040 ## - CATALOGING SOURCE
Original cataloging agency BDDh-ASL
Transcribing agency BDDh-ASL
082 ## - DEWEY DECIMAL CLASSIFICATION NUMBER
Classification number 954
Item number SYR
245 10 - TITLE STATEMENT
Title Rare Documents /
260 ## - PUBLICATION, DISTRIBUTION, ETC.
Place of publication, distribution, etc. Lahore:
Name of publisher, distributor, etc. Muhammad Ali Academy,
Date of publication, distribution, etc. 1967.
300 ## - PHYSICAL DESCRIPTION
Extent 313 p. :
Dimensions 24 cm.
650 #0 - SUBJECT ADDED ENTRY--TOPICAL TERM
9 (RLIN) 3239
Topical term or geographic name entry element Rare Documents
700 1# - ADDED ENTRY--PERSONAL NAME
9 (RLIN) 3238
Personal name Jafri, Syed Rais Ahmad
Dates associated with a name Nadvi
942 ## - ADDED ENTRY ELEMENTS (KOHA)
Source of classification or shelving scheme Dewey Decimal Classification
Koha item type Books
Holdings
Withdrawn status Lost status Source of classification or shelving scheme Damaged status Not for loan Collection code Home library Current library Shelving location Date acquired Source of acquisition Total Checkouts Full call number Barcode Date last seen Copy number Price effective from Koha item type Public note
    Dewey Decimal Classification     Non-fiction Asiatic Society Library Asiatic Society Library General Stacks 02/28/2021 ASB Library Collections   954 SYR 106745 02/28/2021 C-1 02/28/2021 Books RARE

Powered by Koha